000 01861nam a2200409 c 4500
003 BLK
005 20180422105500.0
008 180409b bul|||||r ||||||| ||bul||
010 _aKNG00107724000
020 _a954-91313-2-7
_bиздат.: БААТ
040 _aBLK
041 _aBUL
_cBUL
080 _aТуризмът от стопанско гледище. Политика по отношение на туризма. Икономика и организация на туризма. Вътрешен и международен туризъм. Вж и 379.8
_b338.48
_x(497.2)(036)
_z338.48(497.2)(036)
080 _aХотели
_b640.412
_x(497.2)(036)
_z640.412(497.2)(036)
100 1 _aТеодорова, Ваня
_eпърви автор
_9309295
700 1 _aГеоргиева, Вера
_eпрев. на англ.
_9363925
139 _aКъщи за гости и семейни хотели
_bК 97
245 1 0 _aКъщи за гости и семейни хотели
_bПътеводител
_cВаня Теодорова; прев. на англ. Вера Георгиева.
246 1 1 _aBed Breakfasts and Guesthouses : Guidebook
257 _aBGR
260 София
_bБААТ
_c2003
_fСофия : Литобалкан
300 _a120 с.
_bс цв. ил., к., сх.
_c20 см
380 _a3
650 4 _aТуризъм, международен - България
_9272133
650 4 _aХотелиерство - България
_9283792
653 _aтуризъм
653 _aпътеводители
653 _aБългария
653 _aстопански туризъм
653 _aхотели
653 _aтуристическо обслужване
852 _aЦб 215921
856 4 _qpdf
_u
856 4 _qpdf
_u
942 _cKNG
_n0
944 _aCR
_c20.08.2003
_kГеновева_Генчева
944 _aED
_c07.07.2004
_k
999 _c102655
_d102655